Kombajny : učebný text pre stredné pol´nohospodárske technické školy, odbor mechanizácia pol´nohospodárstva /

Main Author: Lamplot, Miroslav
Language: Slovak
Published: Bratislava : Príroda, 1984
Edition: 2., dopl. vyd.
Series: Mechanizácia poľnohospodárstva a výstavby
Physical Description: 226 s. : il.
Book
Saved in:
LEADER 01013nam a2200265 a 4500
001 000595195
003 CZ BrMZK
005 20020422081421.0
007 ta
008 020415s1984 xo f slo d
040 |a BOA001  |c ze  |d BOA001 
041 1 |a slo  |h cze 
080 |a 631.354.2(075.3):373.5  |2 MRF 
100 1 |a Lamplot, Miroslav  |7 jx20051012020  |4 aut 
245 1 0 |a Kombajny :  |b učebný text pre stredné pol´nohospodárske technické školy, odbor mechanizácia pol´nohospodárstva /  |c Miroslav Lamplot ... [et al.] ; Prel. Karol Štyndl 
250 |a 2., dopl. vyd. 
260 |a Bratislava :  |b Príroda,  |c 1984 
300 |a 226 s. :  |b il. 
490 1 |a Mechanizácia poľnohospodárstva a výstavby 
500 |a Orig.: Sklízecí mlátičky 
830 0 |a Mechanizácia poľnohospodárstva a výstavby 
910 |a BOA001  |b 2-0791.169-84 
964 |a Mlátičky sklízecí - učebnice(III) 
990 |a BK 
996 7 |b 2619707609  |c 2-0791.169-84  |l MZK  |r Sklad / do 1 hodiny  |n 7  |w 000595195  |u 000010  |a 1  |e BOA001  |j MZK50  |s A